000 00306nam a2200121Ia 4500
008 190216s9999||||xx |||||||||||||| ||und||
100 _aEettumanoor Sivakumar
245 0 _aAmpalakala
260 _bSahithya Pravarthaka Sahakarana Sangam
_c1979
300 _a208p
650 _aMalayalam Novel
942 _cBK
999 _c25987
_d25987